000 00935nas a2200313 4500
001 BR2022000975
003 BR-BrBNA
005 20231205132327.0
007 ta
008 230509b bl.|||p| |||| 00| 00por d
040 _aBR-BrBNA
_bpor
_cBiblioteca Nacional de Agricultura
041 _a(En)
072 _aH60
100 1 _aChiapinotto, D.M.
100 1 _aSchaedler, C.E.
100 1 _aFernandes, J.P.S.
100 1 _aAndres, A.
100 1 _aLamego, F.P.
245 1 _aCross-resistance of rice flatsedge to ALS-inhibiting herbicides
650 _aORYZA SATIVA
650 _aBIOTIPO
650 _aHERBICIDA
650 _aRESISTÊNCIA
650 _aERVA DANINHA
773 0 _tPlanta Daninha (Brazil)
_xISSN 1806-9681
_g(2017), v. 35 p. 1-12
_wBR2022000975
856 4 0 _uhttps://www.scielo.br/j/pd/a/KVkjmVqNCrB5QXmMBkVPgsH/?format=pdf lang=en
909 _a202311
_bLúcia
_c55
_dLúcia Elande
942 _2AGRIS
_n0
_cANA
999 _c259721
_d259721